| 000 | 00597cam a2200241 4500 | ||
|---|---|---|---|
| 008 | 000000n1999 000 0 eng u | ||
| 020 | _a190237522X | ||
| 035 | _a(Sirsi) u100676 | ||
| 041 | _aENG | ||
| 050 | _a333.72 | ||
| 100 | _aSteel, M | ||
| 245 | _aEnergy efficient building use | ||
| 260 |
_aOxford _bChandos Publishing Ltd _c1999 |
||
| 300 | _a97p. ; 28cm. | ||
| 350 | _a49.95 | ||
| 650 | _aLIFE CYCLE COSTING | ||
| 650 | _aENERGY EFFICIENCY | ||
| 650 | _aENERGY AUDITS | ||
| 650 | _aGREEN BUILDINGS | ||
| 690 |
_aEnvironment _96238 |
||
| 700 | _aHeath, Roger | ||
| 942 | _n0 | ||
| 999 |
_c99749 _d99749 |
||